000 00943nam a2200301 i 4500
001 185585
003 SpMaBN
005 20250804225306.0
008 160719s2000 sp ab |||| | spa d
020 _a84-7844-501-3
080 _a113/119(38)
080 _a159.953
080 _a296.6
100 1 _aGómez de Liaño, Ignacio.
_957908
245 1 0 _aFilósofos griegos, videntes judíos /
_cIgnacio Gómez de Liaño.
260 _aMadrid :
_bSiruela,
_c[2000]
300 _a379 p. :
_bil. ;
_c24 cm.
490 1 _aBiblioteca de ensayo. Serie mayor ;
_v14
500 _aÍndices.
504 _aBibliografía: p. 365-369.
650 0 7 _aCosmología.
_911389
650 1 7 _aGnosticismo.
_9136192
650 0 7 _aMemoria.
_914989
650 0 7 _aComunidad de Qumran
_2embne
_911208
830 0 _aBiblioteca de ensayo. Serie mayor ;
_v14
_9180582
852 _aES-MaACL
_jL-30457
_z. - Donat. Miguel A. Velasco
999 _c185585
_d185585